000 00505nam a2200181Ia 4500
008 230125s9999 xx 000 0 und d
020 _a81-7512-004-5
041 _aeng
082 _a658.81
_bMOR
100 _aMortell A
_9114021
245 _aWorld Class Selling
_bHow To Turn Adverity Into Success
260 _c1995
_bGlobal business publications
_aNew Delhi
300 _a223p
500 _aSales management
650 _aMarketing Management
700 _aMortell A
_9114021
999 _c91300
_d91300